Capitales sans les lettres de "Séoul" - Statistiques

Statistiques générales
  • Ce quiz a été pris 9 fois
  • Le résultat moyen est 8 sur 19
Statistiques - réponses
Continents Capitales % Correct
Afrique Rabat
88%
Asie Jakarta
63%
Europe Madrid
63%
Europe Riga
63%
Amérique du Nord Panama
50%
Asie Riyad
50%
Afrique Accra
38%
Asie Achgabat
38%
Océanie Apia
38%
Asie Bagdad
38%
Asie Dacca
38%
Afrique Dakar
38%
Europe Vatican
38%
Asie Amman
25%
Asie Ankara
25%
Asie Manama
25%
Europe Tirana
25%
Asie Naypyidaw
13%
Afrique Praia
13%
Aucun quiz correspondant
Distribution des résultats
% des personnes avec chaque résultat
Percentile par nombre de réponses
Votre historique - résultats
Vous n’avez pas pris ce quiz